000 00456nam a2200181Ia 4500
008 230524s9999 xx 000 0 und d
020 _a9780070151581
082 _a658.43
_bMIL
100 _aGeorge T Milkovich
245 0 _a"Compensation, "
250 _a9TH
260 _aNEW DELHI
_bMGH
_c2009
300 _aXIX;597
500 _aQuantity Number: 25
650 _aManagement
700 _a" Jerry M Newman , C S Venkata Ratnam,,,"
942 _cBK
999 _c44193
_d44193